000 00874nam a2200253Ia 4500
003 OSt
005 20220923223138.0
006 a|||||r|||| 00| 0
007 ta
008 Pun
024 _a211,324
037 _cTextual
040 _aARTS
_cARTS
_bPun
041 _2Pun
_aPun
082 _aO153,3N35x, 152N8
100 _aटिवाणा, दिलीप कौर; भाटिया, मंजीत कौर, अनु.
_9167270
245 0 _aअतीत का वर्तमान
246 _aAtīt kā vartamāna
260 _aदिल्ली
_b सारांश
_c1998
300 _a192पृ0
_ccm.
650 _aपंजाबी निबंध
942 _hO153,3N35x, 152N8
_cTEXL
_2CC
999 _c361603
_d361603